Normal view MARC view

Entry Topical Term

Number of records used in: 1

001 - CONTROL NUMBER

  • control field: 17189

003 - CONTROL NUMBER IDENTIFIER

  • control field: VITAP

005 - DATE AND TIME OF LATEST TRANSACTION

  • control field: 20260303151215.0

008 - FIXED-LENGTH DATA ELEMENTS

  • fixed length control field: 260303|| aca||babn | a|a d

040 ## - CATALOGING SOURCE

  • Original cataloging agency: VITAP

150 ## - HEADING--TOPICAL TERM

  • Topical term or geographic name entry element: Early Life, Guru & Spiritual Training, Journey Across India, Chicago Parliament of Religions (1893), Mission in the West etc.

Visitor Number: